Trasa Warszawskiej linii autobusowej 521 - Statystyki

Ogólne statystyki
  • Ten quiz został rozwiązany 59 razy
  • Średni wynik to 30 z 34
Statystyki odpowiedzi
Dzielnica Przystanek % Poprawnych
Wawer Falenica
100%
Śródmieście Centrum
96%
Wawer PKP Anin
96%
Wawer PKP Falenica
96%
Wawer PKP Miedzeszyn
96%
Wawer PKP Międzylesie
96%
Wawer PKP Radość
96%
Wawer PKP Wawer
96%
Ochota Szczęśliwice
96%
Praga-Południe Wiatraczna
96%
Ochota / Śródmieście Dworzec Centralny
92%
Praga-Południe Gocławek
92%
Ochota Och-Teatr
92%
Praga-Południe Plac Szembeka
92%
Ochota / Wola Plac Zawiszy
92%
Praga-Południe / Wawer Płowiecka
92%
Praga-Południe Rondo Waszyngtona
92%
Praga-Południe Grenadierów
88%
Śródmieście Muzeum Narodowe
88%
Wawer Trakt Lubelski
88%
Praga-Południe Żółkiewskiego
88%
Ochota Bitwy Warszawskiej 1920r.
83%
Wawer Odeska
83%
Wawer Piechurów
83%
Ochota Plac Narutowicza
83%
Wawer Pomologiczna
83%
Wawer Prasowa
83%
Wawer Wielowiejska
83%
Ochota Dobosza
79%
Ochota Opaczewska
79%
Wawer Solidna
79%
Wawer Szachowa
79%
Ochota Urbanistów
79%
Wawer Montazowa
75%
Nie znaleziono quizów pasujących do podanych kryteriów
Rozkład punktacji
Procent ludzi z każdym wynikiem
Percentyl według liczby udzielonych odpowiedzi
Twoja historia wyników
Nie rozwiązałeś tego quizu